Culture Générale - Série 482 - Statistiques

Statistiques générales
  • Ce quiz a été pris 179 fois
  • Le résultat moyen est 5 sur 10
Statistiques - réponses
Question Réponse % Correct
Dans quelle épreuve masculine de lancer le projectile est‐il lancé le plus loin, selon les derniers records du monde ? javelot
86%
Quel chanteur attend "là‐haut sur la colline" avec un bouquet d'églantines dans une chanson de 1968 ? Joe Dassin
73%
Quelles fleurs blanches ont été chantées par Berthe Sylva en 1926 ? roses
62%
D'après le titre du roman d'Albert Simonin, adapté à l'écran par Jacques Becker en 1954, à quoi vaut‐il mieux ne pas toucher ? Au grisbi
56%
Quel commissaire enquête sur l'affaire Saint‐Fiacre, dans un roman de 1932 ? Maigret
55%
Quel groupe de rock français interprète "Des fleurs pour Salinger" en 1990 ? Indochine
49%
Complétez les paroles de la chanson "Le Temps des fleurs" de Rika Zaraï : "C'était le temps des fleurs, on ignorait..." la peur
49%
En 1988, quel athlète est déclaré vainqueur du 100 mètres des jeux Olympiques de Séoul, après la disqualification de Ben Johnson ? Carl Lewis
36%
Quel est le prénom de Kurosawa, le réalisateur japonais des "Sept Samouraïs" ? Akira
19%
En avril 1917, quel général français a ordonné la désastreuse offensive du Chemin des Dames lors de la Première Guerre mondiale ? Nivelle
15%
Aucun quiz correspondant
Distribution des résultats
% des personnes avec chaque résultat
Percentile par nombre de réponses
Votre historique - résultats
Vous n’avez pas pris ce quiz